000
00319 a2200145 4500
001
154583
040
_c
Escola São Tomás de Aquino
100
_a
FARIA, Moacir Alves de
240
1
0
_a
Fé na vida
_l
por
245
1
0
_a
Fé na vida
300
_a
88
440
1
_a
Editora do Brasil
697
_a
RELIGIÃO
942
_c
BK
999
_c
154583
_d
154583